| 000 | 00000nam 2200000za 4500 |
| 001 | 9.642986 |
| 003 | CaOODSP |
| 005 | 20210624223948 |
| 007 | cr ||||||||||| |
| 008 | 150407|2005||||xxc|||||o f|0| 0 fre d |
| 040 | |aCaOODSP|bfre |
| 043 | |an-cn--- |
| 086 | 1 |aCW66-392/2005F-PDF |
| 110 | 1 |aCanada. |bEnvironnement Canada. |
| 245 | 10|aProgramme des dons écologiques - lignes directrices relatives aux évaluations |h[ressource électronique] |
| 260 | |aOttawa - Ontario : |bEnvironnement Canada |cAoût 2005. |
| 300 | |a14p. |
| 590 | |a14-08-Supp|b2014-04-10 |
| 691 | 07|aConservation de l'environnement|2gcpds |
| 691 | 07|aDon|2gcpds |
| 775 | 08|tEcological Gifts Program - guidelines for appraisals |w(CaOODSP)9.698985 |
| 794 | |tProgramme des dons écologiques : |w(CaOODSP)9.878733 |
| 856 | 40|ahttp://publications.gc.ca|qPDF|s110 Ko|uhttps://publications.gc.ca/collections/collection_2014/ec/CW66-392-2005-fra.pdf |